000 00381nam a2200145 i 4500
001 bg
100 1 _aSTYPUŁKOWSKI, Bogdan
245 0 _aZagadnienia materiałowe w projektowaniu i wykonawstwie drogowym /
_cBogdan Stypułkowski.
260 _aWarszawa,
_c1981.
650 9 _aDrogi
040 _cBPK
041 _apol
942 _cKS
008 s pl f |000 0 pol
999 _c20161
_d20161
856 _uhttp://koha.tu.koszalin.pl/cgi-bin/koha/opac-detail.pl?biblionumber=20161
_yKatalog online BPK